000 00635nam a2200205Ii 4500
003 JO-AjNU
008 230605s9999||||xx |||||||||||||| ||und||
040 _aJO-AjNU
_bara
_erda
_cJO-AjNU
041 _aara
050 1 4 _aPJ7806.17.A15 1995
100 3 _aد.م,
_eauthor
_919866
245 0 0 _aمسرحيات هادفة للناشئين
250 _aط2
264 3 1 _aد.م: دار الكتب العربية، 1995
300 _a149ص
336 _atext
_btxt
_2rdacontent
337 _aunmediated
_bn
_2rdamedia
338 _avolume
_bnc
_2rdacarrier
650 4 _aالأدب العربي - مسرحيات - الناشئين
_919867
999 _aA6631
_c10199
_d10199